Loading...
Science - Biology | 2 | 4 | 0 | 2 | 70 | 44 | 98.33 | 3 | 5 |
Science - Physics | 0 | 5 | 1 | 2 | 45 | 71 | 96.20 | 0 | 4 |
Beliefs - Mythology | 2 | 0 | 0 | 0 | 30 | 29 | 39.00 | 1 | 2 |
Science - Other Science | 0 | 3 | 0 | 0 | 30 | 99 | 109.67 | 0 | 3 |
Arts - Music | 1 | 1 | 0 | 0 | 25 | 72 | 76.50 | 0 | 2 |
Science - Engineering | 1 | 1 | 0 | 0 | 25 | 66 | 87.00 | 0 | 2 |
Science - Chemistry | 0 | 3 | 1 | 1 | 25 | 84 | 99.33 | 1 | 3 |
Other - Other Academic | 1 | 0 | 0 | 0 | 15 | 69 | 69.00 | 0 | 1 |
Other - Pop Culture | 0 | 1 | 0 | 0 | 10 | 77 | 77.00 | 0 | 1 |
Other - Other Academic | 0 | 1 | 0 | 0 | 10 | 133 | 133.00 | 0 | 0 |
Science - Other Science | 0 | 1 | 0 | 0 | 10 | 97 | 97.00 | 0 | 0 |
Science - Chemistry | 0 | 1 | 0 | 1 | 10 | 144 | 144.00 | 0 | 1 |
Beliefs - Religion | 0 | 1 | 1 | 0 | 5 | 79 | 79.00 | 1 | 1 |